| 000 | 01095nas a2200337 4500 | ||
|---|---|---|---|
| 001 | BR0304599 | ||
| 003 | BR-BrBNA | ||
| 005 | 20231205104054.0 | ||
| 007 | ta | ||
| 008 | 230509b bl.|||p| |||| 00| 00por d | ||
| 040 |
_aBR-BrBNA _bpor _cBiblioteca Nacional de Agricultura |
||
| 041 | _a(Pt) | ||
| 072 | _aF30; Q02; Q04 | ||
| 100 | 1 | _aLima, E.D.P. de A. | |
| 100 | 1 | _aJerônimo, E. de S. | |
| 100 | 1 | _aLima, C.A. de A. | |
| 100 | 1 | _aGondim, P.J. de S. | |
| 100 | 1 | _aAldrigue, M.L. | |
| 100 | 1 | _aCavalcente, L.F. | |
| 245 | 1 | _aCaracterísticas físicas e químicas de grãos verdes de linhagens e cultivares de feijão caupi para processamento tipo conserva | |
| 650 | _aFEIJÃO DE CORDA | ||
| 650 | _aGRÃO | ||
| 650 | _aLINHAGEM | ||
| 650 | _aCONSERVA | ||
| 650 | _aTECNOLOGIA DE ALIMENTO | ||
| 650 | _aPROPRIEDADE FÍSICO-QUÍMICA | ||
| 650 | _aEMBALAGEM | ||
| 773 | 0 |
_tRevista Brasileira de Engenharia Agrícola e Ambiental (Brazil) _xISSN 1415-4366 _g(Jan-Apr 2003), v. 7(1) p. 129-134 _wBR0304599 |
|
| 909 |
_a202311 _bLúcia _c55 _dLúcia Elande |
||
| 942 |
_2AGRIS _n0 _cANA |
||
| 999 |
_c176200 _d176200 |
||